|
|
|
|
| LEADER |
01380nam a2200337 a 4500 |
| 001 |
35183 |
| 003 |
BD-DhAAL |
| 005 |
20190827111934.0 |
| 008 |
190827t1977 nyua b 001 0 eng d |
| 999 |
|
|
|c 41064
|d 41064
|
| 010 |
|
|
|a 77023222
|
| 020 |
|
|
|a 0442286775
|z 0442288220
|
| 035 |
|
|
|a 705231
|
| 040 |
|
|
|a LC
|b eng
|c LC
|d LC
|d BD-DhAAL
|
| 043 |
|
|
|a n-us---
|
| 050 |
0 |
0 |
|a NA9051.4
|b .U57
|
| 082 |
0 |
4 |
|a 711.58
|
| 100 |
1 |
|
|a Untermann, Richard K.
|9 33620
|
| 245 |
1 |
0 |
|a Site planning for cluster housing /
|c Richard Untermann & Robert Small, with assistance by Lynn Lewicki.
|
| 260 |
|
|
|a New York :
|b Van Nostrand Reinhold,
|c c1977.
|
| 300 |
|
|
|a 306 pages :
|b illustrations ;
|c 22 x 28 cm.
|
| 504 |
|
|
|a Includes bibliographies and index.
|
| 526 |
|
|
|a ARC
|
| 541 |
|
|
|a Complimentary copy from the department of Architecture
|e 35183
|
| 650 |
|
0 |
|a Cluster housing
|z United States.
|9 33621
|
| 650 |
|
0 |
|a Homesites
|z United States.
|9 33622
|
| 650 |
|
0 |
|a Architecture
|z United States
|x History
|y 20th century.
|9 33623
|
| 700 |
1 |
|
|a Small, Robert E,
|e joint author.
|9 33624
|
| 852 |
|
|
|a Department of Architecture
|c General Stacks
|
| 942 |
|
|
|2 ddc
|c BK
|
| 952 |
|
|
|0 0
|1 0
|2 ddc
|4 0
|6 711_580000000000000_UNT
|7 0
|9 66065
|a BRACUL
|b BRACUL
|c GEN
|d 2019-08-27
|e Complimentary copy
|l 4
|m 14
|o 711.58 UNT
|p 3010035183
|q 2026-05-18
|r 2026-04-23
|s 2026-04-23
|t 1
|w 2019-08-27
|y BK
|x Transferred from ARC to BRACUL on 28/12/2023
|